Normal view
MARC view
Entry Meeting Name
001 - CONTROL NUMBER
- control field: 587164
003 - CONTROL NUMBER IDENTIFIER
- control field:
005 - DATE AND TIME OF LATEST TRANSACTION
- control field: 20210603105044.0
008 - FIXED-LENGTH DATA ELEMENTS
- fixed length control field: 210603|| aca||aabn | a|a d
040 ## - CATALOGING SOURCE
- Original cataloging agency:
- Transcribing agency:
111 ## - HEADING--MEETING NAME
- Meeting name or jurisdiction name as entry element: Conference on Social Policies in the 1980s
- Date of meeting or treaty signing: (1981 Oct. 20-23 :
- Location of meeting: Paris, France)
670 ## - SOURCE DATA FOUND
- Source citation: Work cat.: (): Conference on Social Policies in the 1980s (1981 Oct. 20-23 : Paris, France), The welfare state in crisis /, c1981
